| 000 | 01773nam a2200481 i 4500 | ||
|---|---|---|---|
| 001 | 47062 | ||
| 003 | KOSZ 005 | ||
| 005 | 20200624110737.0 | ||
| 008 | 200408s1972 pl a f f 000 0 pol | ||
| 015 | _aUWD 1973/3831 | ||
| 035 | _a991033617599705066 | ||
| 035 | _a(PL-WaBN)b1899930x-48omnis_nlop | ||
| 035 | _ab1899930x | ||
| 035 | _a(OCoLC)839029037 | ||
| 035 | _a(PL)b0000001899930 | ||
| 035 | _a(EXLNZ-48OMNIS_NETWORK)9910525824405606 | ||
| 040 |
_aWA N _cWA N _dKOSZ 005/RW |
||
| 046 | _k1972 | ||
| 080 | _a621.317 | ||
| 080 | _a(075.8) | ||
| 100 | 1 |
_aBielański, Konstanty _d(1910-1994) _eAutor |
|
| 245 | 1 | 0 |
_aLaboratorium miernictwa elektrycznego : _bskrypt dla Wydziału Elektrycznego. _nCz. 1 / _cK. Bielański, J. Śreniawski ; Politechnika Częstochowska. Instytut Elektroenergetyki. |
| 260 |
_aCzęstochowa : _bPolitechnika Częstochowska. Instytut Elektroenergetyki, _c1972. |
||
| 300 |
_a140 stron : _bilustracje ; _c24 cm. |
||
| 336 |
_aTekst _btxt _2rdacontent |
||
| 337 |
_aBez urządzenia pośredniczącego _bn _2rdamedia |
||
| 338 |
_aWolumin _bnc _2rdacarrier |
||
| 380 | _aKsiążki | ||
| 380 | _aPublikacje dydaktyczne | ||
| 388 | _a1901-2000 | ||
| 388 | _a1945-1989 | ||
| 504 | _aBibliografia na stronie 140. | ||
| 650 | 7 |
_aElektrotechnika _2DBN |
|
| 650 | 7 | _aPomiary | |
| 655 | 7 |
_aPodręczniki akademickie _2DBN |
|
| 658 | _aInżynieria i technika | ||
| 700 | 1 |
_aŚreniawski, Jan _eAutor |
|
| 710 | 2 | _aPolitechnika Częstochowska | |
| 710 | 2 |
_aWydawnictwo Politechniki Częstochowskiej _4pbl |
|
| 856 |
_uhttp://koha.tu.koszalin.pl/cgi-bin/koha/opac-detail.pl?biblionumber=47062 _yKatalog online BPK |
||
| 942 |
_2UKD _cKS |
||
| 999 |
_c47062 _d47062 |
||